000 01235cab a2200205 4500
001 ##L131272
008 051017n2005 000 0 eng u
035 _a(Sirsi) u131272
041 0 _aeng
100 1 _aBramley, Glen
245 0 0 _aHow much extra affordable housing is needed in England ?
260 3 _c2005
490 0 _aHousing Studies
_v20(5) September 2005, 685-715(30)
520 _aBuoyant housing markets in the UK have brought into sharper focus the issues of housing affordability, housing need and affordable housing solutions. Examines the concept of affordability, the measurement of affordability and access to home ownership, modelling of local affordability and need, affordability over space and time and the intermediate market. Presents and assesses measures of recent and prospective needs for additional affordable housing, derived from this analysis of affordability, and links the findings to the policy debate on housing and planning policy. Statistics and data tables support the research presented. References.
590 _aIKA251005
650 _aAffordable housing
_96215
690 _aPROPERTY-RESIDENTIAL PROPERTY-RESIDENTIAL PROPERTY DEVELOPMENT
700 1 _aKarley, Noah Kofi
942 _n0
999 _c76012
_d76012